000 01805nam a2200289 a 4500
001 BRCA_8910
005 20190320210445.0
008 190617s1760----sp-#######---#000-0#spa-#
041 _aspa
044 _asp
084 _aCO72
_b.P53 1760
100 1 _aPicornell, Juan
_922157
245 1 0 _aPuerta sagrada, que, con la celebérrima exposición del P. Fr. Nicolas de Lira, ofrece libre entrada a las postillas evangelicas, y à la inteligencia de los Sagrados Evangelios con variedad de Assumptos
_bideados en el Beato Martyr Raymundo Lulio, y en el padre Fran Juan Escoto, ambos Doctores, Seraficos, y Marianos: Obra utilísima para todos los predicadores: Tomo segundo: Contiene desde el domingo de Pentecostés hasta el duodécimo después del pentecostés
_csu autor el R. P. Fr. Juan Picornell...
260 _aMallorca
_bEn las Oficina de Ignacio Frav Impressor del Rey nuestro señor
_c1760
300 _a[2], 462 p. (t.2)
_c20.2 x 15 cm
500 _aCon licencia de los superiores
500 _aEstado físico: presenta encuadernación en pergamino con cintas
500 _aCon marca de fuego: “Procedencia de la marca: Colegio de la Santa Cruz de Querétaro(1). Institución: Congregación de Propaganda Fide. Descripción: Cruz franqueada por las letras iniciales C[olegio] Q[uerétaro], enmarcadas por un círculo. Ubicación de la marca en el libro: Canto superior”
505 0 _aCon un índice de cosas notables
650 1 4 _aEvangelios
_yObras anteriores a 1800
_922158
700 1 _aLira, Nicolás de
_922159
700 1 _aMartyr Raymundo Lulio
_922160
700 1 _aJuan Duns Escoto
_cFray
_922161
856 _ahttp://www.marcasdefuego.buap.mx:8180/xmLibris/projects/firebrand/item.jsp?repository=marcas_de_fuego&key=7f442198.xml&num=29
902 _aCFM
942 _2lcc
_cB
999 _c8561
_d8561